[Event "Olympiade"]
[Site "Charlesbourg CAN"]
[Date "2014.11.10"]
[Round "1"]
[White "Dube, Daniel"]
[Black "Marquis, Paul"]
[Result "1-0"]
[WhiteElo "1796"]
[BlackElo "1985"]
[PlyCount "77"]
[EventDate "2014.11.10"]
[EventType "team"]
[EventRounds "6"]
[EventCountry "CAN"]

1. e4 g6 2. d4 Bg7 3. Nc3 d6 4. Nf3 c6 5. a4 Nf6 6. h3 O-O 7. Bd3 Nbd7 8. e5
dxe5 9. dxe5 Ne8 10. e6 fxe6 11. Bc4 Nc7 12. Qe2 Nb6 13. Bb3 Nbd5 14. O-O Nxc3
15. bxc3 Bxc3 16. Bh6 Rf5 17. Rad1 Nd5 18. Qd3 Qa5 19. g4 Rf7 20. Ng5 Rf4 21.
Ne4 b6 22. Nxc3 Ba6 23. Nb5 Rf7 24. Qd4 cxb5 25. Bxd5 Rd8 26. Qe5 exd5 27. Rxd5
Re8 28. axb5 Bb7 29. Bd2 Qa2 30. Bc3 Rf6 31. Rd7 Bc8 32. Rxe7 Rxe7 33. Qxf6 Qe6
34. Qh8+ Kf7 35. Qxh7+ Ke8 36. Qh8+ Kd7 37. Rd1+ Kc7 38. Qd8+ Kb8 39. Re1 1-0

[Event "Olympiade"]
[Site "Charlesbourg CAN"]
[Date "2014.11.10"]
[Round "1"]
[White "Garneau, Benoit"]
[Black "Glode, Martin"]
[Result "1-0"]
[WhiteElo "1915"]
[BlackElo "1812"]
[PlyCount "33"]
[EventDate "2014.11.10"]
[EventType "team"]
[EventRounds "6"]
[EventCountry "CAN"]

1. Nf3 d6 2. d4 Nf6 3. Nc3 Nbd7 4. e4 e5 5. dxe5 dxe5 6. Bc4 Bb4 7. Ng5 O-O 8.
O-O h6 9. f4 Qe7 10. Kh1 Bxc3 11. bxc3 hxg5 12. fxg5 Nxe4 13. Qh5 Ndf6 14. gxf6
Nxf6 15. Bg5 Be6 16. Rxf6 gxf6 17. Bd3 1-0

[Event "Olympiade"]
[Site "Charlesbourg CAN"]
[Date "2014.11.10"]
[Round "1"]
[White "Hirschberg, Valerian"]
[Black "Cossette, Daniel"]
[Result "1-0"]
[WhiteElo "2323"]
[BlackElo "2027"]
[PlyCount "91"]
[EventDate "2014.11.10"]
[EventType "team"]
[EventRounds "6"]
[EventCountry "CAN"]

1. Nf3 d5 2. g3 c5 3. Bg2 Nc6 4. d4 e6 5. O-O Nf6 6. c4 Be7 7. cxd5 exd5 8.
dxc5 O-O 9. Nc3 d4 10. Na4 Bf5 11. Ne1 Qd7 12. Bg5 Bh3 13. Bxf6 Bxf6 14. Nd3
Bxg2 15. Kxg2 Qd5+ 16. Kg1 Rfe8 17. Re1 Re4 18. b4 Rae8 19. Nab2 Qe6 20. Qc2
Ne7 21. Nc4 Nd5 22. Nd6 Re7 23. Nxe4 Qxe4 24. c6 bxc6 25. Qxc6 h5 26. Rac1 Bg5
27. Rc5 Nc3 28. Qxe4 Nxe4 29. Rc8+ Kh7 30. f4 Bf6 31. a4 g5 32. b5 gxf4 33.
Nxf4 Bg5 34. a5 h4 35. b6 axb6 36. axb6 Rb7 37. Nd5 hxg3 38. hxg3 Nxg3 39. Ra1
Nxe2+ 40. Kf2 d3 41. Ra7 Rxb6 42. Nxb6 Nd4 43. Nd5 d2 44. Nc3 Nb5 45. Rxf7+ Kg6
46. Rd7 1-0

[Event "Olympiade"]
[Site "Charlesbourg CAN"]
[Date "2014.11.17"]
[Round "2"]
[White "Beauchesne, Jonathan"]
[Black "Potvin, Alain-Nicolas"]
[Result "0-1"]
[WhiteElo "1710"]
[BlackElo "1830"]
[PlyCount "112"]
[EventDate "2014.11.10"]
[EventType "team"]
[EventRounds "6"]
[EventCountry "CAN"]

1. e4 d6 2. d4 Nf6 3. Nc3 g6 4. Nf3 Bg7 5. Be2 O-O 6. O-O Bg4 7. Be3 Nbd7 8.
Qd2 Re8 9. Rad1 e5 10. d5 a6 11. Ne1 Bxe2 12. Qxe2 b5 13. Nd3 Qc8 14. f3 Bf8
15. Nb4 Nb8 16. a3 Nh5 17. Qd2 f5 18. exf5 gxf5 19. f4 e4 20. Ne2 Nf6 21. Qe1
Bg7 22. c3 Qd7 23. Ng3 Kh8 24. Nc2 Rf8 25. Bd4 Ng4 26. Bxg7+ Qxg7 27. Ne3 Nxe3
28. Qxe3 Nd7 29. Rde1 Nb6 30. Nh5 Qg6 31. Qd4+ Kg8 32. Ng3 h5 33. b3 Kf7 34.
Re3 Rg8 35. Rf2 Rg7 36. Ne2 h4 37. Kf1 Rh8 38. Ng1 Qf6 39. Qd2 Rg4 40. Nh3 Nd7
41. Ng5+ Ke7 42. Ne6 Rc8 43. Qc2 Nf8 44. Nd4 Ng6 45. Nxf5+ Qxf5 46. Rxe4+ Kf7
47. c4 Re8 48. Rxe8 Qxc2 49. Rxc2 Rxf4+ 50. Ke2 Kxe8 51. cxb5 axb5 52. Rxc7 Rd4
53. Rg7 Ne5 54. Rh7 Rg4 55. Kf1 Nf7 56. Rh6 Nxh6 0-1

[Event "Olympiade"]
[Site "Charlesbourg CAN"]
[Date "2014.11.17"]
[Round "2"]
[White "Belzil, Claude"]
[Black "Cyr, Vincent"]
[Result "1/2-1/2"]
[WhiteElo "1349"]
[BlackElo "1445"]
[PlyCount "113"]
[EventDate "2014.11.10"]
[EventType "team"]
[EventRounds "6"]
[EventCountry "CAN"]

1. d4 d5 2. c4 e5 3. e3 c6 4. dxe5 Bf5 5. Nc3 Bb4 6. Nge2 Bg4 7. f3 Bf5 8. a3
Ba5 9. b4 Bc7 10. cxd5 Bxe5 11. e4 cxd5 12. exf5 d4 13. Ne4 d3 14. N2c3 Nf6 15.
Qxd3 Qxd3 16. Bxd3 Nxe4 17. Bxe4 Bxc3+ 18. Ke2 Nc6 19. Rb1 O-O 20. Bxc6 bxc6
21. Bb2 Bxb2 22. Rxb2 Rad8 23. Rd2 Rfe8+ 24. Kd1 Rd5 25. Rxd5 cxd5 26. Kd2 f6
27. Rc1 Re7 28. Rc6 d4 29. Rd6 Re3 30. Ra6 Re7 31. Kd3 Rd7 32. Re6 Kf7 33. Re4
Rd6 34. Rxd4 Ra6 35. Rd7+ Kf8 36. Kc4 Rxa3 37. Rd5 a6 38. Ra5 Re3 39. Rxa6 Re2
40. g4 Re3 41. Rd6 Rxf3 42. Rd4 Rh3 43. b5 Rxh2 44. b6 Rb2 45. Kc5 Ke7 46. Rb4
Rxb4 47. Kxb4 Kd7 48. Kc5 g6 49. Kd5 gxf5 50. gxf5 h5 51. b7 Kc7 52. Ke4 h4 53.
Kf3 h3 54. Kg3 Kxb7 55. Kxh3 Kc7 56. Kh4 Kd6 57. Kh5 1/2-1/2

[Event "Olympiade"]
[Site "Charlesbourg CAN"]
[Date "2014.11.17"]
[Round "2"]
[White "Cossette, Daniel"]
[Black "Lessard, Claude"]
[Result "1-0"]
[WhiteElo "2027"]
[BlackElo "2058"]
[PlyCount "55"]
[EventDate "2014.11.10"]
[EventType "team"]
[EventRounds "6"]
[EventCountry "CAN"]

1. e4 c6 2. d4 d5 3. exd5 cxd5 4. c4 Nf6 5. Nc3 Nc6 6. Nf3 Bg4 7. cxd5 Nxd5 8.
Qb3 Bxf3 9. gxf3 e6 10. Qxb7 Qc8 11. Qxc8+ Rxc8 12. Nxd5 exd5 13. Bb5 Bd6 14.
O-O O-O 15. Be3 Ne7 16. Rfc1 Rb8 17. a4 h6 18. Rc2 f5 19. f4 g5 20. Rac1 gxf4
21. Bd2 Kf7 22. Ba5 Rg8+ 23. Kh1 Rg6 24. Be2 Rb3 25. Bh5 f3 26. Bd8 Kg7 27.
Bxg6 Nxg6 28. Rc6 1-0

[Event "Olympiade"]
[Site "Charlesbourg CAN"]
[Date "2014.11.17"]
[Round "2"]
[White "Garneau, Benoit"]
[Black "Abran, David"]
[Result "1/2-1/2"]
[WhiteElo "1915"]
[BlackElo "1889"]
[PlyCount "69"]
[EventDate "2014.11.10"]
[EventType "team"]
[EventRounds "6"]
[EventCountry "CAN"]

1. e4 c5 2. Nc3 Nc6 3. f4 g6 4. Nf3 Bg7 5. Bb5 Nd4 6. O-O Nxb5 7. Nxb5 a6 8.
Nc3 b5 9. d3 Bb7 10. Be3 Rc8 11. d4 cxd4 12. Bxd4 Nf6 13. e5 Nd5 14. e6 Bxd4+
15. Qxd4 Qb6 16. exd7+ Kxd7 17. Rad1 Qxd4+ 18. Rxd4 e6 19. Ne5+ Ke7 20. Nxd5+
Bxd5 21. c3 f6 22. Nd3 Rhd8 23. Nb4 Bb7 24. Rfd1 Rxd4 25. Rxd4 a5 26. Nd3 Bd5
27. a4 Bc4 28. axb5 Bxb5 29. Kf2 Bxd3 30. Rxd3 Rb8 31. Rd2 a4 32. Ke3 Rb3 33.
Kd3 a3 34. bxa3 Rxa3 35. Kd4 1/2-1/2

[Event "Olympiade"]
[Site "Charlesbourg CAN"]
[Date "2014.11.17"]
[Round "2"]
[White "Hirschberg, Valerian"]
[Black "Beaudoin, Stephane"]
[Result "1-0"]
[WhiteElo "2323"]
[BlackElo "2159"]
[PlyCount "61"]
[EventDate "2014.11.10"]
[EventType "team"]
[EventRounds "6"]
[EventCountry "CAN"]

1. Nf3 Nf6 2. g3 g6 3. Bg2 Bg7 4. c4 O-O 5. Nc3 c5 6. d4 cxd4 7. Nxd4 Nc6 8.
O-O d6 9. Nxc6 bxc6 10. Bxc6 Rb8 11. Bg2 Qa5 12. Nb5 Be6 13. Bd2 Qa6 14. b3
Rbc8 15. e4 d5 16. exd5 Bxd5 17. Bc3 Bxg2 18. Kxg2 Rfd8 19. Qf3 Rc5 20. Rad1
Rf8 21. Bxf6 Bxf6 22. Rd7 Qxa2 23. Rxa7 Qc2 24. Rd7 Qa2 25. Qd3 Kg7 26. Re1 Rf5
27. Re2 Qa8+ 28. Qe4 Qa1 29. Ra7 Qc1 30. Nd4 Rc5 31. Rxe7 1-0

[Event "Olympiade"]
[Site "Charlesbourg CAN"]
[Date "2014.11.17"]
[Round "2"]
[White "Lapierre, Gaetan"]
[Black "Dube, Daniel"]
[Result "1-0"]
[WhiteElo "1949"]
[BlackElo "1947"]
[PlyCount "101"]
[EventDate "2014.11.10"]
[EventType "team"]
[EventRounds "6"]
[EventCountry "CAN"]

1. e4 c6 2. d4 d5 3. e5 c5 4. dxc5 Nc6 5. f4 Bf5 6. c3 e6 7. Be3 Nh6 8. Nf3 Be7
9. h3 Bh4+ 10. Bf2 Bxf2+ 11. Kxf2 Qe7 12. b4 Be4 13. Bb5 Nf5 14. Bxc6+ bxc6 15.
Nbd2 O-O 16. Re1 Rfd8 17. g4 Nh4 18. Kg3 Nxf3 19. Nxf3 Bxf3 20. Kxf3 a5 21. a3
Ra7 22. Qd4 Qh4 23. Kg2 axb4 24. axb4 Rda8 25. Rxa7 Rxa7 26. Re2 h5 27. Qf2
Qxf2+ 28. Kxf2 Ra3 29. Re3 h4 30. Ke2 Ra2+ 31. Kd3 Kf8 32. Rf3 Rg2 33. f5 Ke8
34. Ke3 Ke7 35. f6+ gxf6 36. exf6+ Kd7 37. Kf4 Rg1 38. Rd3 e5+ 39. Kxe5 Rg3 40.
Kd4 Ke6 41. c4 dxc4 42. Kxc4 Kxf6 43. Rd6+ Ke5 44. Rxc6 Rxh3 45. Rh6 Kf4 46. c6
Rh1 47. Kb5 h3 48. Kb6 Rc1 49. Rxh3 Kxg4 50. Rh7 Rc4 51. b5 1-0

[Event "Olympiade"]
[Site "Charlesbourg CAN"]
[Date "2014.11.24"]
[Round "3"]
[White "Abran, David"]
[Black "Glode, Martin"]
[Result "1/2-1/2"]
[WhiteElo "1889"]
[BlackElo "1812"]
[PlyCount "56"]
[EventDate "2014.11.10"]
[EventType "team"]
[EventRounds "6"]
[EventCountry "CAN"]

1. c4 e6 2. Nc3 d5 3. d4 c6 4. e4 dxe4 5. Nxe4 Bb4+ 6. Bd2 Qxd4 7. Bxb4 Qxe4+
8. Be2 Na6 9. Ba5 f6 10. Qd8+ Kf7 11. Rd1 b6 12. Bc3 Nc5 13. Rd4 Qb1+ 14. Bd1
Bb7 15. Qc7+ Ne7 16. Nf3 Rac8 17. Qf4 Qf5 18. O-O e5 19. Qxf5 Nxf5 20. Rd2 Rcd8
21. Bc2 Rxd2 22. Bxd2 Nd4 23. Nxd4 exd4 24. Re1 g6 25. b4 Ne6 26. Be4 Nd8 27.
Bf4 c5 28. Bxb7 Nxb7 1/2-1/2

[Event "Olympiade"]
[Site "Charlesbourg CAN"]
[Date "2014.11.24"]
[Round "3"]
[White "Beaudoin, Stephane"]
[Black "Cossette, Daniel"]
[Result "0-1"]
[WhiteElo "2159"]
[BlackElo "2027"]
[PlyCount "84"]
[EventDate "2014.11.10"]
[EventType "team"]
[EventRounds "6"]
[EventCountry "CAN"]

1. e4 c5 2. Nf3 Nc6 3. d4 cxd4 4. Nxd4 Nf6 5. Nxc6 bxc6 6. Bd3 d5 7. e5 Ng8 8.
O-O e6 9. Nd2 Ne7 10. Nf3 Ng6 11. c3 Be7 12. Qe2 Qc7 13. Re1 Bd7 14. Nd4 O-O
15. h4 Bxh4 16. Qh5 f5 17. Nf3 Be7 18. g3 Be8 19. Qh3 Rf7 20. Kg2 Nf8 21. Nd4
g6 22. Bh6 Bd7 23. g4 c5 24. Nf3 Bc6 25. gxf5 gxf5 26. Re2 d4 27. cxd4 Ng6 28.
Rg1 Kh8 29. Kf1 Bxf3 30. Qxf3 Rd8 31. Bc4 Rxd4 32. Bxe6 Rd1+ 33. Re1 Rxe1+ 34.
Kxe1 Qxe5+ 35. Qe3 Qxe3+ 36. fxe3 Bh4+ 37. Ke2 Re7 38. Bc4 Bf6 39. Bf8 Rxe3+
40. Kd2 Bd4 41. Rg5 Re8 42. Rxf5 Rxf8 0-1

[Event "Olympiade"]
[Site "Charlesbourg CAN"]
[Date "2014.11.24"]
[Round "3"]
[White "Coulon, Dominic"]
[Black "Beauchesne, Jonathan"]
[Result "0-1"]
[WhiteElo "1808"]
[BlackElo "1710"]
[PlyCount "54"]
[EventDate "2014.11.10"]
[EventType "team"]
[EventRounds "6"]
[EventCountry "CAN"]

1. e4 c5 2. Nf3 d6 3. d4 cxd4 4. Nxd4 Nf6 5. Nc3 g6 6. Bc4 Bg7 7. O-O O-O 8.
Qe2 a6 9. Rd1 Qc7 10. Bg5 Qc5 11. Be3 Qc7 12. h3 Nbd7 13. f4 b5 14. Bd3 Nc5 15.
e5 dxe5 16. fxe5 Qxe5 17. Nc6 Qc7 18. Bxc5 Qxc6 19. Bd4 Bb7 20. Rd2 e5 21. Qxe5
Rfe8 22. Qf4 Nh5 23. Qf2 Bh6 24. Rf1 Nf4 25. Qh4 Ne2+ 26. Rxe2 Rxe2 27. Be4
Rxe4 0-1

[Event "Olympiade"]
[Site "Charlesbourg CAN"]
[Date "2014.11.24"]
[Round "3"]
[White "Cyr, Vincent"]
[Black "Cote, Frederic"]
[Result "1-0"]
[WhiteElo "1445"]
[BlackElo "1170"]
[PlyCount "107"]
[EventDate "2014.11.10"]
[EventType "team"]
[EventRounds "6"]
[EventCountry "CAN"]

1. e4 c6 2. d4 d5 3. exd5 cxd5 4. Nc3 Nc6 5. Nf3 Bg4 6. Be3 Nf6 7. Be2 Ne4 8.
Nxe4 dxe4 9. Ne5 Nxe5 10. Bxg4 Nxg4 11. Qxg4 Qd5 12. b3 e6 13. c4 Qf5 14. Qxf5
Bb4+ 15. Bd2 Bxd2+ 16. Kxd2 exf5 17. Rhe1 O-O-O 18. Kc3 h5 19. d5 g5 20. f3
exf3 21. gxf3 f4 22. Rad1 f5 23. Re5 Rdf8 24. h3 g4 25. fxg4 fxg4 26. Kd3 g3
27. Rg5 h4 28. Ke2 Rf7 29. Kf3 Re8 30. Rd3 Re1 31. d6 Rf1+ 32. Ke2 Rf2+ 33. Ke1
Rxa2 34. Rg4 f3 35. d7+ Rxd7 36. Rxf3 g2 37. Rf8+ Kc7 38. Rfg8 Re7+ 39. Kd1
Ree2 40. Rxh4 Reb2 41. Kc1 Rxb3 42. Rh6 Rxh3 43. Rg7+ Kc8 44. Rxh3 Ra1+ 45. Kb2
Rh1 46. Rf3 Rf1 47. Rh3 Rh1 48. Re3 Rd1 49. Re8+ Rd8 50. Rxd8+ Kxd8 51. Rxg2
Kc7 52. Rg6 b6 53. c5 bxc5 54. Kb3 1-0

[Event "Olympiade"]
[Site "Charlesbourg CAN"]
[Date "2014.11.24"]
[Round "3"]
[White "Dube, Daniel"]
[Black "Laflamme, Simon"]
[Result "1-0"]
[WhiteElo "1947"]
[BlackElo "2004"]
[PlyCount "73"]
[EventDate "2014.11.10"]
[EventType "team"]
[EventRounds "6"]
[EventCountry "CAN"]

1. e4 c5 2. Nc3 Nc6 3. Bb5 g6 4. Bxc6 dxc6 5. d3 Bg7 6. Be3 Qd6 7. Qd2 e5 8. h4
Be6 9. h5 O-O-O 10. hxg6 hxg6 11. Rxh8 Bxh8 12. Na4 b6 13. Qc3 Nf6 14. f3 Bg7
15. a3 Bf8 16. Kf2 Nd7 17. b4 cxb4 18. axb4 Qxb4 19. Qxc6+ Kb8 20. Qc3 Qxc3 21.
Nxc3 Rc8 22. Nge2 Bb4 23. Nb5 Rxc2 24. Nxa7 Bc5 25. Bxc5 Rxc5 26. d4 Rc7 27.
Nb5 exd4 28. Nxc7 Kxc7 29. Nxd4 Nc5 30. Nxe6+ fxe6 31. Ke3 e5 32. Ra7+ Nb7 33.
f4 exf4+ 34. Kxf4 b5 35. e5 Kb6 36. Ra1 Kc6 37. Ra6+ 1-0

[Event "Olympiade"]
[Site "Charlesbourg CAN"]
[Date "2014.11.24"]
[Round "3"]
[White "Lalonde, Stephane"]
[Black "Boissinot, Claude"]
[Result "0-1"]
[WhiteElo "1589"]
[BlackElo "1488"]
[PlyCount "106"]
[EventDate "2014.11.10"]
[EventType "team"]
[EventRounds "6"]
[EventCountry "CAN"]

1. e4 c5 2. Nf3 e6 3. d4 cxd4 4. Nxd4 Nf6 5. Nc3 d6 6. Bg5 Be7 7. Bc4 a6 8. f3
Qc7 9. Bb3 b5 10. a3 Bd7 11. Qd2 Nc6 12. O-O-O O-O 13. g4 Ne5 14. h4 h6 15.
Bxf6 Bxf6 16. g5 Be7 17. gxh6 g6 18. h5 Qd8 19. hxg6 Nxg6 20. h7+ Kh8 21. Rdg1
Bf6 22. f4 Qb6 23. Nxe6 Bxe6 24. Bxe6 Bd4 25. Nd5 Qa7 26. f5 Bxg1 27. Qg2 Be3+
28. Kb1 Bd4 29. Bxf7 Qxf7 30. Qxg6 Qxg6 31. fxg6 Rae8 32. c3 Ba7 33. Rh4 Kg7
34. Rg4 Re6 35. Nf4 Re5 36. Kc2 Be3 37. Nh3 Rh5 38. Rg3 Bh6 39. Ng1 Rg5 40. Ne2
Rxg3 41. Nxg3 Kxg6 42. Nf5 Kxh7 43. Nxd6 Bf4 44. Nf5 Rd8 45. Nd4 Rd6 46. Kd3
Kg6 47. a4 bxa4 48. Kc4 Rb6 49. b4 Kf6 50. Kc5 Rb8 51. Kd5 a3 52. Nb3 a2 53.
Kc5 Ke5 0-1

[Event "Olympiade"]
[Site "Charlesbourg CAN"]
[Date "2014.11.24"]
[Round "3"]
[White "Leblanc-Legault, Mathieu"]
[Black "Pouliot, Lewis"]
[Result "1-0"]
[WhiteElo "1435"]
[BlackElo "1690"]
[PlyCount "67"]
[EventDate "2014.11.10"]
[EventType "team"]
[EventRounds "6"]
[EventCountry "CAN"]

1. d4 b5 2. e4 a6 3. g3 Bb7 4. Bg2 e6 5. Ne2 d5 6. e5 c5 7. c3 Nd7 8. O-O Ne7
9. b4 cxb4 10. cxb4 Nc6 11. a3 Be7 12. Be3 Nb6 13. f4 Nc4 14. Bf2 O-O 15. Nd2
f5 16. Nb3 a5 17. Nc5 Bc8 18. Nc3 Qb6 19. Qb3 axb4 20. axb4 Nd2 21. Qb2 Nxf1
22. Rxa8 Nxg3 23. hxg3 h6 24. Bxd5 Nxe5 25. Rxc8 Nc4 26. Rxf8+ Bxf8 27. Bxe6+
Kh8 28. Bxc4 bxc4 29. Qa2 Qxb4 30. Qa4 Qxc3 31. Qe8 Qc1+ 32. Kg2 Kg8 33. Nd7
Qa3 34. Qe6+ 1-0

[Event "Olympiade"]
[Site "Charlesbourg CAN"]
[Date "2014.11.24"]
[Round "3"]
[White "Lessard, Claude"]
[Black "Hirschberg, Valerian"]
[Result "1/2-1/2"]
[WhiteElo "2058"]
[BlackElo "2323"]
[PlyCount "104"]
[EventDate "2014.11.10"]
[EventType "team"]
[EventRounds "6"]
[EventCountry "CAN"]

1. Nf3 Nf6 2. d4 d5 3. g3 Bf5 4. Nbd2 e6 5. Bg2 Be7 6. O-O Nbd7 7. Nh4 Be4 8.
Nxe4 dxe4 9. f3 c5 10. c3 exf3 11. Bxf3 Qb6 12. d5 O-O-O 13. dxe6 fxe6 14. Qa4
Ne5 15. Bg2 c4+ 16. Kh1 Nfg4 17. Bf4 Bxh4 18. gxh4 h6 19. h5 Qc5 20. b4 cxb3
21. axb3 a6 22. Bxb7+ Kxb7 23. Qxa6+ Kc7 24. Qxe6 Rd6 25. Qe7+ Kb8 26. Ra4 Nf2+
27. Kg2 Rg6+ 28. hxg6 Qxe7 29. Rxf2 Re8 30. Bg3 Qb7+ 31. e4 Kc8 32. Rfa2 Qb5
33. Ra5 Qc6 34. Ra8+ Kd7 35. R8a7+ Kd8 36. Bh4+ Kc8 37. Ra8+ Kc7 38. R8a7+ Kb8
39. R7a4 Re6 40. Rb4+ Kc8 41. Raa4 Rxg6+ 42. Bg3 Kd7 43. Ra7+ Ke6 44. Rba4 Qxc3
45. R4a6+ Nc6 46. Rc7 Qc2+ 47. Kh3 Rxg3+ 48. hxg3 Qxe4 49. Raxc6+ Kd5 50. Rc5+
Kd6 51. R5c6+ Kd5 52. Rc5+ Kd6 1/2-1/2

[Event "Olympiade"]
[Site "Charlesbourg CAN"]
[Date "2014.11.24"]
[Round "3"]
[White "Marquis, Paul"]
[Black "Lapierre, Gaetan"]
[Result "0-1"]
[WhiteElo "1985"]
[BlackElo "1949"]
[PlyCount "68"]
[EventDate "2014.11.10"]
[EventType "team"]
[EventRounds "6"]
[EventCountry "CAN"]

1. c4 e5 2. Nc3 Nc6 3. g3 Nf6 4. Bg2 Be7 5. e4 d6 6. Nge2 Be6 7. d3 Qd7 8. O-O
h6 9. Nd5 Bd8 10. Bd2 h5 11. f4 Bg4 12. Bf3 h4 13. f5 Bh3 14. Nxf6+ Bxf6 15.
Rf2 hxg3 16. hxg3 O-O-O 17. b4 Ne7 18. g4 g6 19. g5 Rdg8 20. gxf6 gxf5+ 21. Bg2
Ng6 22. Bxh3 Rxh3 23. Rg2 Rgh8 24. Be1 f4 25. Nc3 Rh1+ 26. Kf2 R8h4 27. Ke2 f3+
28. Kxf3 Qh3+ 29. Rg3 Rf4+ 30. Ke3 Qh6 31. Kd2 Rf3+ 32. Kc2 Rxg3 33. Ne2 Rg2
34. Kb3 Qh5 0-1

[Event "Olympiade"]
[Site "Charlesbourg CAN"]
[Date "2014.11.24"]
[Round "3"]
[White "Potvin, Alain-Nicolas"]
[Black "Fecteau, Martin"]
[Result "0-1"]
[WhiteElo "1830"]
[BlackElo "1839"]
[PlyCount "96"]
[EventDate "2014.11.10"]
[EventType "team"]
[EventRounds "6"]
[EventCountry "CAN"]

1. d4 d5 2. Nf3 Nf6 3. e3 Bg4 4. c4 e6 5. Qb3 Qc8 6. Ne5 Bf5 7. cxd5 exd5 8.
Nc3 c6 9. Bd2 Nbd7 10. f4 Be7 11. Be2 Ne4 12. Nxe4 Bxe4 13. O-O O-O 14. Bg4 f5
15. Bf3 Bxf3 16. Rxf3 Nf6 17. Bb4 Qc7 18. Rc1 Bxb4 19. Qxb4 a5 20. Qc5 Qd8 21.
Qc2 Ne4 22. Qe2 Qe7 23. a3 a4 24. Rh3 Nf6 25. Kh1 Ra6 26. g4 fxg4 27. Nxg4 Qe4+
28. Kg1 Qf5 29. Nf2 Ne4 30. Rh5 Qg6+ 31. Kf1 Rf5 32. Rxf5 Qxf5 33. Nxe4 Qxe4
34. Kf2 Rb6 35. Qc2 Qe7 36. Rg1 Rb3 37. Rg3 Qe4 38. Qc1 h6 39. Rf3 Qd3 40. Kg3
Qe2 41. f5 Rxb2 42. Qg1 Qd3 43. h4 Rb1 44. Qg2 Re1 45. Qf2 Re2 46. Qg1 Qe4 47.
h5 Kh7 48. Kh3 Qxf3+ 0-1

[Event "Olympiade"]
[Site "Charlesbourg CAN"]
[Date "2014.11.24"]
[Round "3"]
[White "Remillard, Sebastien"]
[Black "Belzil, Claude"]
[Result "1-0"]
[WhiteElo "1214"]
[BlackElo "1349"]
[PlyCount "143"]
[EventDate "2014.11.10"]
[EventType "team"]
[EventRounds "6"]
[EventCountry "CAN"]

1. d4 Nf6 2. c4 g6 3. Nc3 Bg7 4. e4 d6 5. Nf3 Bg4 6. Be2 O-O 7. O-O c5 8. d5
Nbd7 9. Ng5 Bxe2 10. Qxe2 Re8 11. f4 e6 12. dxe6 fxe6 13. e5 dxe5 14. fxe5 Nxe5
15. Qxe5 Qd4+ 16. Qxd4 cxd4 17. Nce4 Nxe4 18. Nxe4 Rad8 19. Nf6+ Bxf6 20. Rxf6
Kg7 21. Rf2 e5 22. Bd2 Rd7 23. Re1 e4 24. Rfe2 e3 25. Bb4 d3 26. Bc3+ Kg8 27.
Rxe3 Rxe3 28. Rxe3 d2 29. Bxd2 Rxd2 30. Rb3 b6 31. h4 Rd4 32. Rc3 Rxh4 33. b4
b5 34. c5 Re4 35. c6 Re8 36. c7 Rc8 37. Kf2 Kf7 38. Ke3 Ke7 39. Rc5 a6 40. Kd4
Kd6 41. Rd5+ Kxc7 42. Rc5+ Kb7 43. Rxc8 Kxc8 44. Ke5 Kc7 45. Kf6 Kd6 46. Kg7
Kd5 47. Kxh7 Kc4 48. a3 Kb3 49. Kxg6 Kxa3 50. g4 Kxb4 51. g5 Kc3 52. Kf7 a5 53.
g6 b4 54. g7 a4 55. g8=Q b3 56. Qc8+ Kb2 57. Qh3 Ka2 58. Qg2+ b2 59. Qd5+ Ka1
60. Qa5 a3 61. Qxa3+ Kb1 62. Ke6 Kc2 63. Qc5+ Kb1 64. Kd5 Ka2 65. Qa5+ Kb3 66.
Qb5+ Kc2 67. Qc4+ Kd2 68. Qb3 Kc1 69. Qc3+ Kb1 70. Kc4 Ka2 71. Qa5+ Kb1 72. Kb3
1-0

[Event "Olympiade"]
[Site "Charlesbourg CAN"]
[Date "2014.11.24"]
[Round "3"]
[White "Tremblay-Alix, Eric"]
[Black "Garneau, Benoit"]
[Result "1-0"]
[WhiteElo "1803"]
[BlackElo "1915"]
[PlyCount "61"]
[EventDate "2014.11.10"]
[EventType "team"]
[EventRounds "6"]
[EventCountry "CAN"]

1. d4 Nf6 2. Nc3 d5 3. Nf3 g6 4. h3 Bg7 5. Bf4 O-O 6. e3 b6 7. Nb5 Na6 8. c4
Bb7 9. Rc1 c6 10. Nc3 dxc4 11. Bxc4 b5 12. Bb3 Qa5 13. Qe2 Nd5 14. Bxd5 cxd5
15. Qxb5 Qxb5 16. Nxb5 Nb4 17. Kd2 Nxa2 18. Rc7 Ba6 19. Ra1 Bxb5 20. Rxa2 a6
21. Rxe7 Rfc8 22. b3 Bf8 23. Rc7 Bb4+ 24. Kd1 Bf1 25. Rac2 Rxc7 26. Rxc7 Bxg2
27. Ne5 Bxh3 28. Nxf7 Bg4+ 29. Kc1 Rc8 30. Nh6+ Kh8 31. Be5# 1-0

[Event "Olympiade"]
[Site "Charlesbourg CAN"]
[Date "2014.12.01"]
[Round "4"]
[White "Boissinot, Claude"]
[Black "Pouliot, Lewis"]
[Result "1-0"]
[WhiteElo "1488"]
[BlackElo "1690"]
[PlyCount "93"]
[EventDate "2014.11.10"]
[EventType "team"]
[EventRounds "6"]
[EventCountry "CAN"]

1. e4 c5 2. d4 cxd4 3. c3 dxc3 4. Nxc3 d6 5. Bc4 Nf6 6. h3 Nc6 7. Nf3 e6 8. O-O
Be7 9. Qe2 O-O 10. Rd1 Nd7 11. Bf4 e5 12. Be3 Nf6 13. Rac1 a6 14. a3 Qc7 15.
Ba2 Qb8 16. Bg5 Be6 17. Nd5 Re8 18. Nxe7+ Rxe7 19. Bd5 h6 20. Bxf6 gxf6 21.
Bxc6 bxc6 22. Rxc6 Rd7 23. Rdc1 Qf8 24. Rxa6 Rc8 25. Rac6 Rdd8 26. b4 Qg7 27.
Kh1 Kh7 28. a4 Rg8 29. Ne1 Bxh3 30. f3 Bd7 31. Rxc8 Bxc8 32. b5 Qg5 33. Rc3
Qh4+ 34. Kg1 Bh3 35. Rc2 Rg5 36. Qf2 Qf4 37. b6 Bd7 38. b7 Bxa4 39. b8=Q Bxc2
40. Qxc2 Rh5 41. Kf2 Rg5 42. Ke2 f5 43. exf5 Rxf5 44. Qbc8 Kg6 45. g4 Qh2+ 46.
Kd1 Qxc2+ 47. Qxc2 1-0

[Event "Olympiade"]
[Site "Charlesbourg CAN"]
[Date "2014.12.01"]
[Round "4"]
[White "Cossette, Daniel"]
[Black "Hirschberg, Valerian"]
[Result "0-1"]
[WhiteElo "2027"]
[BlackElo "2323"]
[PlyCount "78"]
[EventDate "2014.11.10"]
[EventType "team"]
[EventRounds "6"]
[EventCountry "CAN"]

1. e4 c5 2. Nf3 Nc6 3. Bb5 g6 4. O-O Bg7 5. Re1 Nf6 6. e5 Nd5 7. Nc3 Nc7 8.
Bxc6 dxc6 9. Ne4 Ne6 10. d3 O-O 11. Be3 b6 12. Qd2 Nd4 13. Nxd4 cxd4 14. Bh6
Bf5 15. Bxg7 Kxg7 16. Ng3 h6 17. a4 c5 18. a5 b5 19. b4 Rc8 20. bxc5 Rxc5 21.
Qb4 Qd5 22. Nxf5+ gxf5 23. e6 f6 24. Rac1 Rfc8 25. Re2 Qd6 26. Qd2 a6 27. f4
Rc3 28. g4 fxg4 29. f5 Kh7 30. Qe1 Qf4 31. Re4 Qxf5 32. Rxd4 Rxc2 33. Rxc2 Rxc2
34. Qe3 Ra2 35. Qe4 Qxe4 36. Rxe4 Ra4 37. d4 f5 38. Re5 Kg6 39. d5 Rd4 0-1

[Event "Olympiade"]
[Site "Charlesbourg CAN"]
[Date "2014.12.01"]
[Round "4"]
[White "Coulon, Dominic"]
[Black "Potvin, Alain-Nicolas"]
[Result "1/2-1/2"]
[WhiteElo "1808"]
[BlackElo "1830"]
[PlyCount "52"]
[EventDate "2014.11.10"]
[EventType "team"]
[EventRounds "6"]
[EventCountry "CAN"]

1. e4 d6 2. d4 Nf6 3. Bd3 g6 4. c4 Bg7 5. Ne2 O-O 6. Nbc3 e5 7. d5 a5 8. Rb1
Na6 9. a3 Nc5 10. Bc2 c6 11. b4 axb4 12. axb4 Na6 13. O-O cxd5 14. cxd5 Bd7 15.
b5 Nc5 16. Be3 b6 17. Bxc5 dxc5 18. f4 Ng4 19. Qd3 exf4 20. Nxf4 Bd4+ 21. Kh1
Nf2+ 22. Rxf2 Bxf2 23. e5 Bf5 24. Ne4 Bd4 25. g4 Bxe4+ 26. Qxe4 Qg5 1/2-1/2

[Event "Olympiade"]
[Site "Charlesbourg CAN"]
[Date "2014.12.01"]
[Round "4"]
[White "Cyr, Vincent"]
[Black "Remillard, Sebastien"]
[Result "1-0"]
[WhiteElo "1445"]
[BlackElo "1214"]
[PlyCount "57"]
[EventDate "2014.11.10"]
[EventType "team"]
[EventRounds "6"]
[EventCountry "CAN"]

1. e4 e6 2. d4 d5 3. e5 c5 4. c3 Nc6 5. Nf3 Qb6 6. Be2 Nge7 7. dxc5 Qxc5 8. Be3
Qa5 9. O-O Nf5 10. Bf4 Qb6 11. Qc2 Bd7 12. c4 Ncd4 13. Nxd4 Nxd4 14. Qd2 Nxe2+
15. Qxe2 d4 16. Rd1 Bc5 17. b3 Rd8 18. Qg4 g6 19. Rd3 Bc6 20. Nd2 a5 21. a3 Qa7
22. Bg5 Rd7 23. Bf6 h5 24. Qf4 Rg8 25. Qh6 b5 26. Qh7 Rf8 27. Bg7 bxc4 28. bxc4
Be4 29. Nxe4 1-0